| 000 | 00496nam a2200157 a 4500 | ||
|---|---|---|---|
| 005 | 20140414131859.0 | ||
| 008 | 100914s19uu xx 00 eng d | ||
| 050 |
_aFIL 792.802 _bN49 2006 |
||
| 100 | _aSantos, Anthony Erazo | ||
| 245 | _aDancing in cloud gate. | ||
| 260 |
_aManila, Philippines : _bBookmark, _c2006. |
||
| 440 | _aGreat men and women of Asia- children's series | ||
| 650 |
_aDancers _xTaiwan _xBiography |
||
| 650 |
_aModern dance _xTaiwan _xJuvenile literature |
||
| 999 |
_c110566 _d110566 |
||